UITU Library & LRC     

Mechatronics: an integrated approach (Record no. 12191)

MARC details
000 -LEADER
fixed length control field 00472nam a2200181Ia 4500
008 - FIXED-LENGTH DATA ELEMENTS--GENERAL INFORMATION
fixed length control field 240925s9999 xx 000 0 und d
020 ## - INTERNATIONAL STANDARD BOOK NUMBER
International Standard Book Number 203611640
082 ## - DEWEY DECIMAL CLASSIFICATION NUMBER
Classification number 621.3 DES
100 ## - MAIN ENTRY--PERSONAL NAME
Personal name De Silva Clarence w.
245 #0 - TITLE STATEMENT
Title Mechatronics: an integrated approach
250 ## - EDITION STATEMENT
Edition statement NA
260 ## - PUBLICATION, DISTRIBUTION, ETC.
Place of publication, distribution, etc. New York:
Name of publisher, distributor, etc. CRC Press
Date of publication, distribution, etc. ,2006.
300 ## - PHYSICAL DESCRIPTION
Extent xx,956p.
Other physical details N.A
Type of unit Photocopy
500 ## - GENERAL NOTE
General note Includes Index
600 ## - SUBJECT ADDED ENTRY--PERSONAL NAME
Personal name Electronic Engineering
650 ## - SUBJECT ADDED ENTRY--TOPICAL TERM
Topical term or geographic name entry element Technology
942 ## - ADDED ENTRY ELEMENTS (KOHA)
Koha item type Books
Holdings
Withdrawn status Lost status Damaged status Not for loan Collection Home library Current library Date acquired Source of acquisition Cost, normal purchase price Total checkouts Full call number Barcode Date due Date last seen Date last checked out Price effective from Koha item type
        Electrical Engineering UITU Library UITU Library 04/05/2013 Fair Book Center 1800.00 1 621.3 DES Q9692 05/08/2026 10/30/2025 10/30/2025 09/25/2024 Books

Powered by Koha